| 000 | 00000nas 2200000za 4500 |
| 001 | 9.826835 |
| 003 | CaOODSP |
| 005 | 20221107144655 |
| 007 | cr ||||||||||| |
| 008 | 161102d19701980oncar p oss f0###a0eng|d |
| 022 | |y0575-898X |
| 040 | |aCaOODSP|beng |
| 041 | |aeng|afre |
| 043 | |an-cn--- |
| 086 | 1 |aCS41-215-PDF |
| 245 | 00|aMetal rolling, casting and extruding |h[electronic resource] = |bLaminage, moulage et extrusion des métaux. |
| 246 | 11|aLaminage, moulage et extrusion des métaux. |
| 260 | |aOttawa : |bStatistics Canada, Manufacturing and Primary Industries Division = Statistique Canada, Division des industries manufacturières et primaires, |c1972-1982. |
| 310 | |aAnnual |
| 362 | 0 |a1970-1980. |
| 490 | 0 |aAnnual census of manufactures |
| 500 | |aDigitized edition from print [produced by Statistics Canada]. |
| 520 | |aManufacturing statistics for non-ferrous metals and aloys and pressure die casting of all non-ferrous metals and their alloys. |
| 546 | |aText in English and French. |
| 550 | |aIssued 1979-1980 by Machinery, Wood and Metal Products Section. |
| 580 | |aMerged with: Aluminum rolling, casting and extruding (Final); and, Copper and copper alloy rolling, casting and extruding (Final), to become: Non-ferrous metal rolling, casting and extruding. |
| 692 | 07|2gccst|aMetalworking industry |
| 692 | 07|2gccst|aStatistics |
| 710 | 1 |aCanada. |bStatistics Canada. |bMachinery, Wood and Metal Products Section. |
| 710 | 1 |aCanada. |bStatistics Canada. |bManufacturing and Primary Industries Division. |
| 780 | 00|tMetal rolling, casting and extruding, n.e.s. |w(CaOODSP)9.826831 |
| 785 | 00|tNon-ferrous metal rolling, casting and extruding |w(CaOODSP)9.827707 |
| 792 | |tMetal rolling, casting and extruding |efre|w(CaOODSP)9.826837 |